Monkey business : (Record no. 5902)
[ view plain ]
| 000 -LEADER | |
|---|---|
| fixed length control field | 00958cam a2200301 a 4500 |
| 001 - CONTROL NUMBER | |
| control field | 60525112 |
| 003 - CONTROL NUMBER IDENTIFIER | |
| control field | OCoLC |
| 005 - DATE AND TIME OF LATEST TRANSACTION | |
| control field | 20190111091356.0 |
| 008 - FIXED-LENGTH DATA ELEMENTS--GENERAL INFORMATION | |
| fixed length control field | 051011s2005 tnua b 001 0 eng d |
| 010 ## - LIBRARY OF CONGRESS CONTROL NUMBER | |
| LC control number | 2005282849 |
| 020 ## - INTERNATIONAL STANDARD BOOK NUMBER | |
| International Standard Book Number | 0805431578 |
| 040 ## - CATALOGING SOURCE | |
| Original cataloging agency | TNE |
| Transcribing agency | TNE |
| Modifying agency | DLC |
| -- | BAKER |
| -- | WIH |
| -- | KEN |
| 042 ## - AUTHENTICATION CODE | |
| Authentication code | lccopycat |
| 043 ## - GEOGRAPHIC AREA CODE | |
| Geographic area code | n-us--- |
| 050 00 - LIBRARY OF CONGRESS CALL NUMBER | |
| Classification number | KF224.S3 |
| Item number | O43 2005 |
| 082 ## - DEWEY DECIMAL CLASSIFICATION NUMBER | |
| Classification number | 231.76 |
| Item number | O42M |
| 100 1# - MAIN ENTRY--PERSONAL NAME | |
| Personal name | Olasky, Marvin N |
| 245 10 - TITLE STATEMENT | |
| Title | Monkey business : |
| Remainder of title | the true story of the Scopes trial / |
| Statement of responsibility, etc. | Marvin Olasky & John Perry |
| 260 ## - PUBLICATION, DISTRIBUTION, ETC. | |
| Place of publication, distribution, etc. | Nashville, Tenn. : |
| Name of publisher, distributor, etc. | Broadman & Holman, |
| Date of publication, distribution, etc. | c2005 |
| 300 ## - PHYSICAL DESCRIPTION | |
| Extent | viii, 344 p. : |
| Other physical details | ill. ; |
| Dimensions | 24 cm |
| 504 ## - BIBLIOGRAPHY, ETC. NOTE | |
| Bibliography, etc. note | Includes bibliographical references (p. 335-337) and index |
| 600 10 - SUBJECT ADDED ENTRY--PERSONAL NAME | |
| Personal name | Scopes, John Thomas |
| General subdivision | Trials, litigation, etc |
| 650 #0 - SUBJECT ADDED ENTRY--TOPICAL TERM | |
| Topical term or geographic name entry element | Intelligent design (Teleology) |
| 650 #0 - SUBJECT ADDED ENTRY--TOPICAL TERM | |
| Topical term or geographic name entry element | Evolution |
| General subdivision | Religious aspects |
| -- | Christianity |
| 650 #0 - SUBJECT ADDED ENTRY--TOPICAL TERM | |
| Topical term or geographic name entry element | Bible and science |
| 700 1# - ADDED ENTRY--PERSONAL NAME | |
| Personal name | Perry, John |
| 942 ## - ADDED ENTRY ELEMENTS (KOHA) | |
| Source of classification or shelving scheme | Dewey Decimal Classification |
| Koha item type | Books |
| Withdrawn status | Lost status | Source of classification or shelving scheme | Damaged status | Not for loan | Collection code | Home library | Current library | Shelving location | Date acquired | Cost, normal purchase price | Total Checkouts | Full call number | Barcode | Date last seen | Price effective from | Koha item type |
|---|---|---|---|---|---|---|---|---|---|---|---|---|---|---|---|---|
| Dewey Decimal Classification | Non-fiction | Harvest Mission College | Harvest Mission College | General Stacks | 11.01.2019 | 1500.00 | 231.76 O42M | 006717 | 11.01.2019 | 11.01.2019 | Books |
